100 Biggest Cities of South Korea on a Map - Statistics

General Stats
  • This quiz has been taken 248 times
    156 since last reset
  • The average score is 29 of 100
Answers on the Map
Answers color-coded by a green-red scale on the quiz's map according to % correct below.
 
Answer Stats
Population City % Correct
3,349,016 Busan
100%
9,586,195 Seoul
100%
2,410,700 Daegu
92%
2,945,454 Incheon
91%
492,306 Jeju
87%
1,477,573 | 385,141 Gwangju
81%
1,135,423 Ulsan
78%
1,488,435 Daejeon
75%
1,210,150 Suwon
56%
501,109 Pohang
54%
353,933 Sejong
52%
666,517 Jeonju
51%
224,509 Mokpo
49%
1,029,389 Changwon
46%
922,025 Seongnam
42%
1,045,497 Goyang
41%
717,345 Ansan
40%
833,148 Bucheon
39%
352,429 Wonju
39%
178,552 Seogwipo
38%
855,326 Cheongju
35%
552,427 Gimhae
35%
285,312 Iksan
35%
696,033 Namyangju
35%
460,541 Paju
35%
1,066,975 Yongin
35%
216,542 Gangneung
34%
474,546 Gimpo
34%
271,505 Yeosu
34%
542,336 Anyang
33%
880,859 Hwaseong
33%
542,522 Pyeongtaek
33%
284,645 Chuncheon
31%
340,518 Asan
29%
261,778 Gyeongju
29%
159,412 Andong
28%
682,199 Cheonan
27%
269,023 Gunsan
27%
80,054 Sokcho
27%
416,603 Gumi
26%
226,212 Icheon
26%
352,403 Jinju
26%
449,572 Uijeongbu
25%
246,965 Geoje
24%
192,051 Guri
22%
127,984 Tongyeong
22%
203,030 Anseong
21%
218,412 Chungju
21%
275,571 Gunpo
21%
279,795 Hanam
21%
351,206 Yangsan
21%
240,645 Osan
20%
157,939 Pocheon
20%
535,147 Siheung
20%
272,449 Suncheon
20%
233,286 Yangju
20%
87,801 Donghae
19%
58,018 Gwacheon
19%
298,116 Gwangmyeong
19%
283,733 Gyeongsan
19%
103,228 Miryang
19%
176,379 Seosan
19%
143,928 Gwangyang
18%
134,768 Jecheon
18%
160,230 Uiwang
18%
168,955 Dangjin
16%
119,707 Nonsan
16%
41,494 Taebaek
16%
99,088 Boryeong
15%
95,239 Dongducheon
15%
60,233 Gapyeong
15%
108,333 Gongju
15%
113,293 Naju
15%
111,184 Sacheon
15%
28,886 Taean
15%
29,384 Yangpyeong
15%
42,278 Yeoncheon
15%
40,854 Gyeryong
14%
40,682 Hongseong
14%
31,613 Jincheon
14%
33,619 Hongcheon
13%
38,040 Hwasun
13%
65,939 Samcheok
13%
103,818 Yeongju
13%
40,136 Geochang
12%
139,145 Gimcheon
12%
79,733 Gimje
12%
35,239 Jeungpyeong
12%
68,212 Mungyeong
12%
95,473 Sangju
12%
113,352 Yeoju
12%
33,353 Yesan
12%
78,097 Namwon
11%
100,353 Yeongcheon
11%
106,706 Jeongeup
8%
28,952 Deoksan
4%
37,825 Samyang
4%
34,279 Waegwan
4%
30,961 Seokjeok
2%
No matching quizzes found
Score Distribution
Percent of People with Each Score
Percentile by Number Answered
Your Score History
You have not taken this quiz since the last reset